000 00785nas a2200253 4500
001 BR0000256
003 BR-BrBNA
005 20231205101633.0
007 ta
008 230509b bl.|||p| |||| 00| 00por d
040 _aBR-BrBNA
_bpor
_cBiblioteca Nacional de Agricultura
041 _a(Pt)
072 _aF40
100 1 _aMacedo, J.F.
245 1 _aO genero Topha L. (Typhaceae)no herbario da empresa de pesquisa agropecuaria de Minas Gerais (PAMG/EPAMIG)
650 _aTaboa
650 _aEspecie
650 _aEcologia Vegetal
650 _aZona Rural
650 _aMinas Gerais
773 0 _tDaphne. Revista do Herbario PAMG/EPAMIG (Brazil)
_xISSN 0103-6866
_g(Jan 1998), v. 8(1) p. 9-12
_wBR0000256
909 _a202311
_bLúcia
_c55
_dLúcia Elande
942 _2AGRIS
_n0
_cANA
999 _c162960
_d162960